Masājid Misṛ wa-awliyāʼuhā al-sạ̄lihụ̄n /

محفوظ في:

المؤلف الرئيسي: Muḥammad, Suʻād Māhir (مؤلف)

مؤلفون آخرون: ʿUwayḍa, Muḥammad Tawfīq.

التنسيق: كتاب

اللغة: Arabic

منشور في: [al-Qahirah] : al-Majlis al-Aʻlá lil-Shuʼūn al-Islāmīyah, [1971]-1983.

الموضوعات:

الوسوم: إضافة وسم

لا توجد وسوم, كن أول من يضع وسما على هذه التسجيلة!

رقم الطلب: BP187.5 .E35 M34 v.1-5

LEADER 01118nam a22002537a 4500
003 OSt
005 20250928065029.0
008 130303m19711983ua a b 001 0 ara d
040 |c ARCE Library 
043 |a f-ua--- 
050 4 |a BP187.5 .E35 M34 v.1-5 
100 1 |6 880-01  |a Muḥammad, Suʻād Māhir,  |e author 
245 1 0 |6 880-02  |a Masājid Misṛ wa-awliyāʼuhā al-sạ̄lihụ̄n /  |c Suʻād Māhir Muhạmmad ; yushrifu ʻalá isḍārihā Muhạmmad Tawfīq ʻUwaydạh.  
264 1 |a [al-Qahirah] :   |b al-Majlis al-Aʻlá lil-Shuʼūn al-Islāmīyah,   |c [1971]-1983. 
300 |a 5 volumes :   |b illustrations (part color) ;   |c 27 cm. 
504 |a Includes bibliographical references and indexes  
650 0 |a Islamic shrines   |z Egypt.  
650 0 |a Mosques   |z Egypt. 
700 1 |a ʿUwayḍa, Muḥammad Tawfīq.  |9 41500 
880 1 |6 100-01/(3/r  |a محمد، سعاد ماهر 
880 1 0 |6 245-02/(3/r  |a مساجد مصر و أولياؤها الصالحون  |c سعاد ماهر محمد ؛ يشرف على إصدارها محمد توفيق عويضة 
901 |a reviewed 
942 |c BK  |2 lcc 
999 |c 29799  |d 29799